00543nam a22001697a 450000500170000001000150001702000260003203500130005803700130007108200100008410000200009424500560011426000460017027000810021630000260029750000500032320140306152114.0 aENG-108745 c650.00a9788192426549 aEN-92278 bDBAD/PUB a305.4 aThakur, Sadhana aIndian women in modern society /cby Sadhana Thakur aNew DelhibGaurav Book Distributorsc2012 aH No. 45,Ground floor, Shivaji Marg, Gali No. 5, Kartar NagarbDelhie110053 aviii,208p. c22cm(Hb) aIncludes bibliographical references and lndex